State Quiz - South Australia - Statistics

General Stats
  • This quiz has been taken 83 times
    68 since last reset
  • The average score is 12 of 16
Answer Stats
Hint Answer % Correct
Capital & largest city Adelaide
98%
States & territories that border South Australia New South Wales
95%
States & territories that border South Australia Victoria
95%
States & territories that border South Australia Western Australia
95%
States & territories that border South Australia Northern Territory
91%
States & territories that border South Australia Queensland
89%
Larges island in the state {Kangaroo} Island
85%
Large ocean bite to the south of the state {Great} {Australian} Bite
82%
South Australia was the only state to not be founded as a _______ settlement Convict
73%
Town renowned for its below ground dwellings Coober Pedy
71%
South Australia was the first jurisdiction to grant women ________ Suffrage
71%
Flat, arid region to the west of the state {Nullarbor} Plain
62%
Second largest city Mount Gambier
60%
The town above produces more _____ than anywhere else in the world Opals
60%
State bird Australian Magpie
56%
Prime Minister born in South Australia Bob Hawke
31%
No matching quizzes found
Score Distribution
Percent of People with Each Score
Percentile by Number Answered
Your Score History
You have not taken this quiz since the last reset